Suivez-vous attentivement les JO ? Médailles du 5 août - Statistiques

Statistiques générales
  • Ce quiz a été pris 6 fois
  • Le résultat moyen est 19 sur 54
Statistiques - réponses
Sport Discipline Pays France % Correct
Athlétisme 5 août Argent H - Saut à la perche Etats-Unis
100%
Athlétisme 5 août Bronze H - Saut à la perche Grèce
100%
Athlétisme 5 août Or H - Saut à la perche Suède Pas de Français en finale
100%
Gymnastique artistique 5 août Or F - Sol Brésil Pas de Française qualifiée
75%
Athlétisme 5 août Or F - Lancer du disque Etats-Unis France 12e
75%
Gymnastique artistique 5 août Argent F - Sol Etats-Unis
75%
Basket 3X3 5 août Argent H - Finale France
75%
Athlétisme 5 août Or F - 5000 M Kenya Pas de Française en finale
75%
Athlétisme 5 août Argent F - 5000 M Pays-Bas
75%
Basket 3X3 5 août Or H - Finale Pays-Bas
75%
Basket 3X3 5 août Bronze F - Finale Etats-Unis
50%
Triathlon 5 août Argent Relais mixte Etats-Unis
50%
Athlétisme 5 août Argent F - 800 M Ethiopie
50%
Canoë-kayak 5 août Argent F - KX1 France
50%
Athlétisme 5 août Bronze F - 5000 M Italie
50%
Gymnastique artistique 5 août Or F - Poutre Italie Pas de Française qualifiée
50%
Athlétisme 5 août Bronze F - 800 M Kenya
50%
Basket 3X3 5 août Bronze H - Finale Lituanie
50%
Cyclisme 5 août Argent F - Sur piste vitesse par équipes Nouvelle-Zélande
50%
Athlétisme 5 août Or F - 800 M Royaume-Uni France 5e
50%
Canoë-kayak 5 août Argent H - KX1 Royaume-Uni
50%
Cyclisme 5 août Or F - Sur piste vitesse par équipes Royaume-Uni Pas de Françaises en finale
50%
Triathlon 5 août Bronze Relais mixte Royaume-Uni
50%
Cyclisme 5 août Bronze F - Sur piste vitesse par équipes Allemagne
25%
Triathlon 5 août Or Relais mixte Allemagne France 4e
25%
Canoë-kayak 5 août Or F - KX1 Australie
25%
Athlétisme 5 août Argent F - Lancer du disque Chine
25%
Badminton 5 août Argent F - Simple Chine
25%
Gymnastique artistique 5 août Or H - Barres parallèles Chine Pas de Français qualifié
25%
Gymnastique artistique 5 août Argent F - Poutre Chine
25%
Tir 5 août Or H - Pistolet tir rapide 25 M Chine France 7e
25%
Badminton 5 août Or F - Simple Corée-du-Sud Pas de Français en finale
25%
Tir 5 août Argent H - Pistolet tir rapide 25 M Corée-du-Sud
25%
Athlétisme 5 août Bronze F - Lancer du disque Croatie
25%
Badminton 5 août Or H - Simple Danemark Pas de Français en finale
25%
Basket 3X3 5 août Argent F - Finale Espagne
25%
Gymnastique artistique 5 août Bronze F - Sol Etats-Unis
25%
Badminton 5 août Bronze H - Simple Malaisie
25%
Canoë-kayak 5 août Or H - KX1 Nouvelle-Zélande France 5e
25%
Badminton 5 août Argent H - Simple Thaïlande
25%
Basket 3X3 5 août Or F - Finale Allemagne Pas de Françaises en finale
0%
Canoë-kayak 5 août Bronze H - KX1 Allemagne
0%
Gymnastique artistique 5 août Bronze H - Barre fixe Chine
0%
Tir 5 août Bronze H - Pistolet tir rapide 25 M Chine
0%
Tir 5 août Bronze Mixte - Fusil de chasse Skeet Chine
0%
Gymnastique artistique 5 août Argent H - Barre fixe Colombie
0%
Tir 5 août Argent F - Fusil de chasse Skeet Etats-Unis
0%
Gymnastique artistique 5 août Bronze F - Poutre Italie
0%
Tir 5 août Or Mixte - Fusil de chasse Skeet Italie France 9e
0%
Gymnastique artistique 5 août Or H - Barre fixe Japon Pas de Français qualifié
0%
Gymnastique artistique 5 août Bronze H - Barres parallèles Japon
0%
Badminton 5 août Bronze F - Simple Malaisie
0%
Canoë-kayak 5 août Bronze F - KX1 Royaume-Uni
0%
Gymnastique artistique 5 août Argent H - Barres parallèles Ukraine
0%
Aucun quiz correspondant
Distribution des résultats
% des personnes avec chaque résultat
Percentile par nombre de réponses
Votre historique - résultats
Vous n’avez pas pris ce quiz